Central Library OPAC University of Rajshahi

Women in the cities of Asia : (Record no. 34541)

MARC details
000 -LEADER
fixed length control field 01218nam a2200349 a 4500
001 - CONTROL NUMBER
control field 34541
003 - CONTROL NUMBER IDENTIFIER
rucl marc code BD-RjUL
005 - DATE AND TIME OF LATEST TRANSACTION
control field 20211209052156.0
008 - FIXED-LENGTH DATA ELEMENTS--GENERAL INFORMATION
fixed length control field 140518s1984 coua b 000 0 eng
020 ## - INTERNATIONAL STANDARD BOOK NUMBER
International Standard Book Number 086531814X (pbk. : alk. paper) :
International Standard Book Number 086531814X (pbk. : alk. paper)
035 ## - SYSTEM CONTROL NUMBER
System control number (BD-RjUL)34635
040 ## - CATALOGING SOURCE
Original cataloging agency LC
Language of cataloging eng
Transcribing agency LC
Modifying agency BD-RjUL
041 ## - LANGUAGE CODE
Language code of text/sound track or separate title eng
082 04 - DEWEY DECIMAL CLASSIFICATION NUMBER
Classification number 305.4095
Edition number 19
Author mark and year WOM 1984
245 00 - TITLE STATEMENT
Title Women in the cities of Asia :
Remainder of title migration and urban adaptation /
Statement of responsibility, etc. edited by James T. Fawcett, Siew-Ean Khoo, Peter C. Smith.
260 ## - PUBLICATION, DISTRIBUTION, ETC. (IMPRINT)
Place of publication, distribution, etc. Boulder, Colo. :
Name of publisher, distributor, etc. Westview Press,
Date of publication, distribution, etc. 1984.
300 ## - PHYSICAL DESCRIPTION
Pagination xviii, 406 p. :
Illustrations ill. ;
Size 23 cm.
490 0# - SERIES STATEMENT
Series statement A Westview replica edition
504 ## - BIBLIOGRAPHY, ETC. NOTE
Bibliography, etc Includes bibliographies.
650 #0 - SUBJECT ADDED ENTRY--TOPICAL TERM
Topical term or geographic name as entry element Women
Geographic subdivision Asia
General subdivision Social conditions.
9 (RLIN) 104129
Topical term or geographic name as entry element Rural-urban migration
Geographic subdivision Asia.
9 (RLIN) 105063
Topical term or geographic name as entry element Urbanization
Geographic subdivision Asia.
9 (RLIN) 105064
Topical term or geographic name as entry element Women
Geographic subdivision Asia
General subdivision Case studies.
9 (RLIN) 105065
700 1# - ADDED ENTRY--PERSONAL NAME
Personal name Fawcett, James T.,
Dates associated with a name 1935-
Personal name Smith, Peter Colin,
Dates associated with a name 1943-
Personal name Khoo, Siew-Ean,
Dates associated with a name 1949-
710 2# - ADDED ENTRY--CORPORATE NAME
Corporate name or jurisdiction name as entry element East-West Population Institute.
9 (RLIN) 105069
942 ## - ADDED ENTRY ELEMENTS (KOHA)
Source of classification or shelving scheme Dewey Decimal Classification
Koha item type Books
Holdings
Lost status Source of classification or shelving scheme Damaged status Not for loan Collection code Permanent Location Current Location Shelving location Date acquired Source of acquisition Total Checkouts Full call number Date last seen Copy number Koha item type
  Dewey Decimal Classification   Not For Loan Non-fiction Central Library, University of Rajshahi Central Library, University of Rajshahi Reading Room 16/03/1989 Asia Foundation, Gift.   305.4095 WOM 1984 18/05/2014 C-1 Books